|
|
|
|
| LEADER |
01134nam a2200277 a 4500 |
| 001 |
GR-MES15030 |
| 008 |
061204s2007 gr b 001 b eng d |
| 020 |
|
|
|a 9780470016855
|
| 020 |
|
|
|q 047001685X
|
| 040 |
|
|
|a GrPaTEI
|b gre
|c GR-PaULI
|
| 040 |
|
|
|a GrPaTEI
|b gre
|c GR-PaULI
|
| 082 |
|
0 |
|a 338.433
|2 21
|
| 100 |
1 |
|
|a Morris, Stephen
|
| 245 |
1 |
0 |
|a Economic analysis in health care /
|c Stephen Morris, Nancy Devlin, David Parkin.
|
| 260 |
|
|
|a Chichester, England :
|b J. Wiley & Sons,
|c c2007
|
| 300 |
|
|
|a xiv, 400 σ. :
|b εικ. ;
|c 24 εκ.
|
| 504 |
|
|
|a Περιλαμβάνει βιβλιογραφικές παραπομπές και ευρετήριο.
|
| 650 |
|
0 |
|a Medical care
|
| 650 |
|
0 |
|a Medical care
|x Finance
|
| 650 |
|
4 |
|a Δημόσια υγεία
|
| 700 |
1 |
|
|a Devlin, N. J.
|q (Nancy J.)
|
| 700 |
1 |
|
|a Parkin, David
|
| 942 |
|
|
|2 ddc
|
| 952 |
|
|
|0 0
|1 0
|2 ddc
|4 0
|6 338_433000000000000_MOR
|7 0
|9 272877
|a MSLG
|b MSLG
|c BSC
|d 2021-01-17
|e 24
|f 0
|g 0.00
|l 0
|o 338.433 MOR
|p 2420000023521
|r 2021-01-17 00:00:00
|t 1
|w 2021-01-17
|y BK15
|x 20090330 0 ΤΣΑΝΤΑΡΛΙΩΤΗ 1
|x GrPaTEI
|
| 971 |
|
|
|a .b25810790
|b 15-04-20
|c 13-09-16
|
| 999 |
|
|
|c 157911
|d 157911
|